LEADER 01222nam a2200301 a 4500 001 000000157272 003 CaOOAMICUS 005 20161207142754.0 008 161207s2014 xxu u000 u eng r 020 $a978-0-19-978333-5* 032 $aLibriCat 040 $aPUL$bita 082 04$a223.2 245 04$aThe Oxford handbook of the Psalms /$cedited by William P. Brown. 260 $aOxford ;$aNew York :$bOxford University Press,$c2014. 300 $axix, 661 p. ;$c26 cm. 500 $aInclude indice. 504 $aBibliografia in nota. 630 04$aBiblia.$pV.T.$pPsalmi.$lInglese$xCritica e interpretazione.$0(OLS)http://pul/subject/28407 700 1 $aBrown, William P.$0(OLS)http://pul/name/83216 850 $aPUL 852 $aPUL$W1$xSL Religione 3$y85$m223. 2 BROWI 1$j180564$qDDC 21$B183684$CPULBib$Z2$F183684 $H128540 $81 941 1 $a9 996 $6020$a978-0-19-978333-5*$9(OLS)http://pul/number/161676 996 $6082$a223.2$9(OLS)http://pul/classification/536 996 $6245$aThe Oxford handbook of the Psalms$9(OLS)http://pul/title/196878 996 $6260$aOxford ;$aNew York :$bOxford University Press$9(OLS)http://pul/publisher/74678 LEADER 01432nam a2200337 a 4500 001 000000121604 003 CaOOAMICUS 005 20250507175649.0 008 100507s2008 xxu f 001 u eng r 020 $a978-0-19-955223-8 032 $aLibriCat 040 $aPUL$bita$dReb 082 04$a401 245 04$aThe Oxford handbook of Philosophy of language /$cEdited by Ernest Lepore and Barry C. Smith. 260 $aClarendon, Oxford :$bOxford University Press,$c2008. 300 $axvi, 1083 p. ;$c25 cm 504 $aInclude riferimenti bibliografici ed indice. 650 4$aFilosofia del linguaggio.$0(OLS)http://pul/subject/8316 700 1 $aLepore, Ernest.$0(OLS)http://pul/name/76183 700 1 $aSmith, Barry C.$0(OLS)http://pul/name/32673 850 $aPUL 852 $aPUL$W1$xSL Cons. Gen., Altre Classi 3$y75$m401 LEPER 1$j139557$qDDC 21$B138771$CPULBib$Z2$F138771 $H111965 $82 941 1 $a9 960 $aLinguaggio$xFilosofia$98316 960 $aLinguaggio e filosofia$98316 960 $aLinguaggio e pensiero$98316 996 $6020$a978-0-19-955223-8$9(OLS)http://pul/number/144092 996 $6082$a401$9(OLS)http://pul/classification/494 996 $6245$aThe Oxford handbook of Philosophy of language$9(OLS)http://pul/title/153001 996 $6260$aClarendon, Oxford :$bOxford University Press$9(OLS)http://pul/publisher/81304